MLB The Show Cover Athletes - Statistics

General Stats
  • This quiz has been taken 285 times
    93 since last reset
  • The average score is 13 of 40
Answer Stats
Year Player % Correct
26 Aaron Judge
93%
18 Aaron Judge
93%
22 Shohei Ohtani
92%
25 Gunnar Henderson
78%
25 Paul Skenes
78%
25 Elly De La Cruz
75%
21 Fernando Tatís Jr.
74%
24 Vladimir Guerrero Jr.
66%
19 Bryce Harper
64%
23 Jazz Chisholm Jr.
63%
20 Javier Báez
57%
17 Ken Griffey Jr.
51%
23 (Special) Derek Jeter
47%
16 Josh Donaldson
37%
6 David Ortiz
28%
21 (Special) Jackie Robinson
28%
14 Miguel Cabrera
24%
11 Joe Mauer
22%
10 Joe Mauer
22%
13 Andrew McCutchen
21%
8 Ryan Howard
21%
15 Yasiel Puig
21%
13 (Canada) José Bautista
14%
12 (Canada) José Bautista
14%
9 Dustin Pedroia
11%
7 David Wright
9%
18 (Canada) Marcus Stroman
9%
17 (Canada) Aaron Sanchez
5%
12 Adrián González
5%
17 (Korea) Hyun-Soo Kim
5%
15 (Korea) Shin-Soo Choo
5%
14 (Korea) Shin-Soo Choo
5%
17 (Taiwan) Wei-Yin Chen
5%
16 (Taiwan) Wei-Yin Chen
5%
15 (Taiwan) Wei-Yin Chen
5%
14 (Taiwan) Wei-Yin Chen
5%
13 (Taiwan) Wei-Yin Chen
5%
15 (Canada) Russell Martin
4%
14 (Canada) Brett Lawrie
1%
16 (Korea) Jung-ho Kang
1%
No matching quizzes found
Score Distribution
Percent of People with Each Score
Percentile by Number Answered
Your Score History
You have not taken this quiz since the last reset